Statistiques concernant Culture générale - niveau hardcore

Cliquez ici pour prendre le quiz!

Statistiques générales

  • Ce quiz a été pris 36 fois
  • Le résultat moyen est 5 sur 15

Statistiques - réponses

Questionréponse% Correct
De quel pays Sri Jayawardenapura Kotte est la capitaleSri Lanka
91%
Combien de libyen(s) ont été pape1
85%
Quelle planète a le diamètre le plus proche de celui de la TerreVenus
62%
Qu'ont contribué à développer les frères WrightAvion
44%
Qui détient le record de but en une édition de la coupe du monde de la FIFAJust Fontaine
41%
Capitale du LesothoMaseru
35%
Monnaie sud-africaineRand
18%
Poisson datant de l’époque des dinosaures encore en vie aujourd’huiCœlacanthe
15%
De quoi l’hippopotomonstrosesquippedaliophobie est la phobiemots longs
15%
Couleur du passeport du VaticanNoire
12%
Montagne la plus haute du système solaireOlympe
12%
Esprit de la force et du pouvoir dans la mythologie grecqueKratos
6%
Les îles du sud du Japon, y compris OkinawaRyukyu
6%
Quelle ville wallonne fut la première Capitale du Royaume des FrancsTournai
6%
15ème plus gros succès du cinéma françaisLa guerre des boutons
3%

Distribution des résultats

Percentile par nombre de réponses

% des personnes avec chaque résultat

Votre développement - résultats

Vous n’avez pas pris ce quiz